[Event "European Senior Team Championship 2014"]
[Site "Sibenik"]
[Date "2014.04.01"]
[Round "1.15"]
[White "Scrimgour, Alan"]
[Black "Neudel, Bernd"]
[Result "1/2-1/2"]
[WhiteElo "2016"]
[BlackElo "1895"]
[PlyCount "48"]
[EventDate "2014.04.01"]

1. e4 c5 2. c3 d5 3. exd5 Qxd5 4. d4 Nc6 5. Nf3 cxd4 6. cxd4 e6 7. Nc3 Qd8 8.
Bc4 Nf6 9. O-O Be7 10. Re1 O-O 11. a3 a6 12. Qd3 b5 13. Bb3 Bb7 14. Bc2 Re8 15.
Bg5 g6 16. Rad1 b4 17. Ne2 Nd5 18. h4 Qd6 19. h5 Bxg5 20. Nxg5 Nf4 21. Nxf4
Qxf4 22. Nh3 Qd6 23. Ba4 bxa3 24. bxa3 Re7 1/2-1/2

[Event "European Senior Team Championship 2014"]
[Site "Sibenik"]
[Date "2014.04.01"]
[Round "1.16"]
[White "Malmdin, Nils-Ake"]
[Black "Just, Joachim"]
[Result "1/2-1/2"]
[WhiteElo "2175"]
[BlackElo "1982"]
[PlyCount "169"]
[EventDate "2014.04.01"]

1. d4 d5 2. Nc3 Nf6 3. Bg5 c6 4. Qd3 Nbd7 5. Nf3 Qa5 6. Nd2 e6 7. Nb3 Qc7 8. e4
dxe4 9. Nxe4 Nxe4 10. Qxe4 Nf6 11. Qf3 Be7 12. Bd3 a5 13. a4 h6 14. Bh4 Qd6 15.
O-O Qd5 16. Qd1 b6 17. Be2 Qd7 18. Bf3 Bb7 19. Re1 O-O 20. c3 Rfe8 21. Re5 Rad8
22. Qc2 Kh8 23. Nd2 Nd5 24. Bxe7 Nxe7 25. Rae1 Ng6 26. Rh5 Nf4 27. Rh4 Ng6 28.
Rh5 Nf4 29. Rh4 Ng6 30. Rg4 c5 31. Bxb7 Qxb7 32. dxc5 Qd5 33. Nb3 bxc5 34. Nxa5
h5 35. Rg3 c4 36. b4 Nf4 37. b5 Nd3 38. Rf1 e5 39. Nc6 Rd6 40. Rg5 Rh6 41. Qd1
g6 42. Nb4 Qd8 43. Qd2 Kg7 44. Nxd3 cxd3 45. Rg3 e4 46. c4 Qd4 47. Rc1 h4 48.
Re3 Rh5 49. Kf1 Kh7 50. Qc3 Qd6 51. Kg1 Ree5 52. a5 f5 53. f4 Rc5 54. a6 Qxf4
55. Qd4 Qc7 56. a7 Qxa7 57. Ra1 Qg7 58. Qxg7+ Kxg7 59. g4 hxg3 60. hxg3 Rxc4
61. Ree1 Rh8 62. Kf2 Kf6 63. Rab1 Rb8 64. Ke3 Ke5 65. b6 Rc5 66. b7 g5 67. Rf1
Rd5 68. Rb3 d2 69. Rd1 f4+ 70. Kf2 fxg3+ 71. Kxg3 Rd3+ 72. Rxd3 exd3 73. Rxd2
Kd4 74. Rb2 Kc3 75. Rb6 d2 76. Rc6+ Kd3 77. Rd6+ Ke2 78. Re6+ Kd3 79. Rd6+ Ke2
80. Re6+ Kd1 81. Rb6 Kc2 82. Rc6+ Kd3 83. Rd6+ Ke4 84. Rxd2 Rxb7 85. Kg4
1/2-1/2

[Event "European Senior Team Championship 2014"]
[Site "Sibenik"]
[Date "2014.04.01"]
[Round "1.16"]
[White "Swoboda, Peter"]
[Black "Petersson, Gosta"]
[Result "0-1"]
[WhiteElo "2011"]
[BlackElo "2158"]
[PlyCount "81"]
[EventDate "2014.04.01"]

1. d4 d5 2. c4 Bf5 3. Nc3 e6 4. Nf3 Nc6 5. a3 Nf6 6. Bg5 Be7 7. e3 O-O 8. Bd3
Bxd3 9. Qxd3 dxc4 10. Qxc4 h6 11. Bh4 Nd5 12. Bxe7 Ncxe7 13. O-O c6 14. Rfd1
Nf5 15. Rac1 Nfxe3 16. fxe3 Nxe3 17. Qe2 Nxd1 18. Rxd1 Qb6 19. Ne4 Rfd8 20. Nc5
Rd5 21. Ne5 Qc7 22. Rf1 Rf8 23. Ng6 Re8 24. Ne5 Re7 25. Qf2 Rxc5 26. dxc5 Qxe5
27. Rd1 Qf5 28. Qe3 e5 29. Qe2 Qe6 30. Qe3 e4 31. Rd6 Qe5 32. b4 Qg5 33. Qxg5
hxg5 34. Kf2 f6 35. Ke3 Kf7 36. Rd8 f5 37. g3 Ke6 38. g4 g6 39. Rd6+ Kf7 40. h3
f4+ 41. Ke2 0-1

[Event "European Senior Team Championship 2014"]
[Site "Sibenik"]
[Date "2014.04.01"]
[Round "1.16"]
[White "Nyberg, Ulf"]
[Black "Reinemann, Guenter"]
[Result "1-0"]
[WhiteElo "2141"]
[BlackElo "1980"]
[PlyCount "91"]
[EventDate "2014.04.01"]

1. d4 Nf6 2. c4 g6 3. Nc3 Bg7 4. e4 d6 5. Be2 O-O 6. f4 e5 7. dxe5 dxe5 8. Qxd8
Rxd8 9. fxe5 Ng4 10. Bg5 Re8 11. Nd5 Na6 12. Bxg4 Bxg4 13. Nf6+ Bxf6 14. Bxf6
Nc5 15. Nf3 Nd3+ 16. Kd2 Bxf3 17. Kxd3 Bxg2 18. Rhg1 Bh3 19. Rg3 Be6 20. b3 a5
21. Kc3 Bd7 22. Kd4 Bc6 23. Re1 b6 24. Rc1 Ra6 25. Rcg1 a4 26. b4 b5 27. Rc3
bxc4 28. Rxc4 Bxe4 29. Rxc7 Bf5 30. Rgc1 Be6 31. a3 h6 32. Rb7 g5 33. b5 Ra5
34. Rcc7 Kh7 35. Kc5 Raa8 36. Kb4 Kg6 37. b6 Bd5 38. Ra7 Rxa7 39. Rxa7 Rb8 40.
Kc5 Be4 41. Rxa4 Kf5 42. Rxe4 Kxe4 43. a4 Rc8+ 44. Kb5 Kd5 45. b7 Rc1 46. Be7
1-0

[Event "European Senior Team Championship 2014"]
[Site "Sibenik"]
[Date "2014.04.01"]
[Round "1.17"]
[White "Lahti, Jouko"]
[Black "Woeber, Friedrich"]
[Result "0-1"]
[WhiteElo "2046"]
[BlackElo "2178"]
[PlyCount "132"]
[EventDate "2014.04.01"]

1. e4 c5 2. Nf3 Nc6 3. Bb5 e6 4. O-O Nge7 5. Re1 a6 6. Bf1 g6 7. d4 cxd4 8.
Nxd4 Bg7 9. Nb3 Qc7 10. a4 b6 11. Na3 O-O 12. c3 Bb7 13. Nc4 d5 14. exd5 Nxd5
15. Qc2 Ne5 16. Nxe5 Bxe5 17. h3 Nf4 18. Bxf4 Bxf4 19. Nd4 Rad8 20. Rad1 Bh2+
21. Kh1 Be5 22. Ne2 Rd6 23. Rxd6 Bxd6 24. Rd1 Rd8 25. Ng1 Bf8 26. Rxd8 Qxd8 27.
Qd3 Qxd3 28. Bxd3 Bc5 29. f3 a5 30. Ne2 e5 31. Bc4 Kf8 32. f4 f6 33. fxe5 fxe5
34. Bd3 Bf2 35. Nc1 Ke7 36. Bc4 Kf6 37. b4 axb4 38. cxb4 Be1 39. a5 bxa5 40.
bxa5 Bxa5 41. Kg1 e4 42. Kf1 h5 43. Kf2 h4 44. Ne2 Bb6+ 45. Kf1 Ke5 46. Ke1 Bc6
47. Kf1 g5 48. Ke1 Be3 49. Kf1 Bb7 50. Ke1 Kd6 51. Kf1 Kc5 52. Be6 Ba6 53. Ke1
Bf4 54. Bf5 Bd3 55. Bg4 Kc4 56. Kd1 Bg3 57. Bh5 Bf2 58. Bg4 Bb1 59. Bf5 Kd3 60.
Bxe4+ Kxe4 61. Nc3+ Kf4 62. Nxb1 Kg3 63. Nd2 Kxg2 64. Ke2 Bb6 65. Ne4 g4 66.
hxg4 h3 0-1

[Event "European Senior Team Championship 2014"]
[Site "Sibenik"]
[Date "2014.04.01"]
[Round "1.17"]
[White "Leukkunen, Raimo"]
[Black "Winiwarter, Felix"]
[Result "1/2-1/2"]
[WhiteElo "1881"]
[BlackElo "2136"]
[PlyCount "75"]
[EventDate "2014.04.01"]

1. f4 Nf6 2. Nf3 d5 3. e3 Bg4 4. Be2 e6 5. d3 Be7 6. O-O Nbd7 7. Ne5 Bxe2 8.
Qxe2 c5 9. c3 Qc7 10. d4 O-O 11. Nd2 a6 12. Ndf3 Ne4 13. Nxd7 Qxd7 14. Ne5 Qc7
15. g4 f6 16. Nf3 Bd6 17. Nd2 Nxd2 18. Bxd2 f5 19. g5 b5 20. b4 cxb4 21. cxb4
Qe7 22. a3 Rfc8 23. Rac1 Qb7 24. Rxc8+ Rxc8 25. Rc1 Rc4 26. Qd3 Qc6 27. Rc3 Kf7
28. Kf2 Bc7 29. Qc2 Kg6 30. Kg3 Rxc3 31. Qxc3 Qc4 32. Qxc4 dxc4 33. h4 Kf7 34.
h5 g6 35. h6 Ke7 36. Kf3 Kd6 37. e4 Bb6 38. Bc3 1/2-1/2

[Event "European Senior Team Championship 2014"]
[Site "Sibenik"]
[Date "2014.04.01"]
[Round "1.17"]
[White "Danner, Lambert"]
[Black "Rintakoski, Pentti"]
[Result "1-0"]
[WhiteElo "2101"]
[BlackElo "1824"]
[PlyCount "139"]
[EventDate "2014.04.01"]

1. g3 Nf6 2. Bg2 e6 3. Nf3 d5 4. O-O Be7 5. c4 O-O 6. d4 c6 7. Nc3 Nbd7 8. Qd3
Re8 9. e4 dxe4 10. Nxe4 Nxe4 11. Qxe4 Nf6 12. Qe2 h6 13. Rd1 Bd7 14. Bf4 Nh7
15. Rac1 Bf6 16. Bd6 Bc8 17. c5 Qa5 18. a3 Nf8 19. Ne5 Bxe5 20. dxe5 Ng6 21.
Rc3 Ne7 22. Bxe7 Rxe7 23. b4 Qc7 24. Rcd3 Re8 25. Rd6 Qe7 26. a4 a6 27. h4 f6
28. Bf3 Rf8 29. Bh5 fxe5 30. Qxe5 Rf5 31. Rd8+ Rf8 32. Rxf8+ Qxf8 33. Qc7 Qf6
34. Qd8+ Qf8 35. Bg6 e5 36. Qxf8+ Kxf8 37. Rd8+ Ke7 38. Re8+ Kf6 39. Bh5 g6 40.
Bg4 Bxg4 41. Rxa8 Bd1 42. a5 Ba4 43. Rb8 h5 44. f3 Ke6 45. Rd8 Kf5 46. Kf2 Bb5
47. Ke3 Ba4 48. Kd2 e4 49. Rf8+ Ke5 50. Re8+ Kd5 51. Rxe4 Bb5 52. Kc3 Ba4 53.
Re7 Bb5 54. Rxb7 Ke5 55. Re7+ Kf6 56. Re8 Kf7 57. Re3 Kf6 58. Kd4 Kf5 59. Re8
Ba4 60. Re5+ Kf6 61. g4 Bd1 62. g5+ Kf7 63. Re4 Bb3 64. Rf4+ Kg7 65. Rf6 Ba4
66. Ke5 Bb5 67. f4 Ba4 68. Kd6 Bb5 69. Kc7 Ba4 70. Rxc6 1-0

[Event "European Senior Team Championship 2014"]
[Site "Sibenik"]
[Date "2014.04.01"]
[Round "1.18"]
[White "Watzka, Horst"]
[Black "Vehkalahti, Veli"]
[Result "1-0"]
[WhiteElo "2250"]
[BlackElo "1972"]
[PlyCount "166"]
[EventDate "2014.04.01"]

1. e4 e6 2. d4 d5 3. Nd2 h6 4. Ngf3 Nf6 5. Bd3 c5 6. exd5 Nxd5 7. O-O cxd4 8.
Nb3 Be7 9. Nbxd4 O-O 10. Re1 Nd7 11. c4 N5f6 12. Qe2 Bb4 13. Rd1 Re8 14. Bc2 a6
15. a3 Bf8 16. b4 Qc7 17. c5 Nd5 18. Bb2 N7f6 19. Ne5 Bd7 20. Nxd7 Qxd7 21. Nf3
Qc6 22. Ne5 Qc7 23. Ng4 Nxg4 24. Qxg4 Rad8 25. g3 Qe7 26. Ba4 Qg5 27. Qxg5 hxg5
28. Bxe8 Rxe8 29. Rac1 Rc8 30. Rd3 Be7 31. h3 Kf8 32. Kg2 Rc6 33. Re1 a5 34.
Rxd5 exd5 35. Bxg7+ Kxg7 36. Rxe7 axb4 37. axb4 b6 38. Re5 bxc5 39. Rxg5+ Kf6
40. Rxd5 cxb4 41. Rb5 Rc4 42. h4 Kg6 43. Kh3 f6 44. f3 Rc3 45. Kg4 b3 46. h5+
Kh6 47. f4 Rd3 48. Rb6 Kg7 49. Rb7+ Kh6 50. Rb6 Kg7 51. h6+ Kh7 52. Rxf6 b2 53.
Rb6 Rd6 54. Rxb2 Rg6+ 55. Kf3 Kxh6 56. g4 Ra6 57. Rh2+ Kg7 58. g5 Ra4 59. Kg4
Rb4 60. Rc2 Ra4 61. Rc7+ Kg6 62. Rc6+ Kg7 63. Rd6 Rb4 64. Kf5 Rb7 65. Re6 Rb5+
66. Re5 Rb6 67. Kg4 Rb4 68. Re8 Kg6 69. Re1 Ra4 70. Rh1 Rb4 71. Rh6+ Kg7 72.
Rf6 Rb1 73. Re6 Rb4 74. Kf5 Rb5+ 75. Re5 Rb7 76. Ra5 Rf7+ 77. Kg4 Rb7 78. f5
Rb3 79. Ra7+ Kg8 80. Kh5 Rb6 81. f6 Rb8 82. Kg6 Kh8 83. Rh7+ Kg8 1-0

[Event "European Senior Team Championship 2014"]
[Site "Sibenik"]
[Date "2014.04.01"]
[Round "1.18"]
[White "Karppinen, Martti"]
[Black "Nickl, Klaus"]
[Result "0-1"]
[WhiteElo "1880"]
[BlackElo "2139"]
[PlyCount "80"]
[EventDate "2014.04.01"]

1. d4 Nf6 2. c4 g6 3. Nc3 Bg7 4. e4 d6 5. Nf3 O-O 6. Be2 Nbd7 7. O-O e5 8. dxe5
dxe5 9. Bg5 h6 10. Bxf6 Bxf6 11. Qd2 Bg7 12. Rad1 c6 13. h3 Re8 14. b4 Qe7 15.
c5 a5 16. a3 axb4 17. axb4 Nf8 18. Ra1 Rxa1 19. Rxa1 Rd8 20. Qe3 Ne6 21. Bc4
Nd4 22. Ra2 Be6 23. Bxe6 Qxe6 24. Nxd4 exd4 25. Qd2 Re8 26. Ne2 Qxe4 27. Ng3
Qe1+ 28. Kh2 Qxd2 29. Rxd2 Re1 30. Rb2 Be5 31. h4 f5 32. f3 Kf7 33. Kh3 Ke6 34.
b5 Kd5 35. bxc6 bxc6 36. h5 gxh5 37. Kh4 Bxg3+ 38. Kxg3 Kxc5 39. Kf4 d3 40.
Kxf5 Re2 0-1

[Event "European Senior Team Championship 2014"]
[Site "Sibenik"]
[Date "2014.04.01"]
[Round "1.18"]
[White "Kratschmer, Heinz"]
[Black "Patola, Eero"]
[Result "1-0"]
[WhiteElo "2114"]
[BlackElo "1868"]
[PlyCount "45"]
[EventDate "2014.04.01"]

1. d4 f5 2. Nc3 Nf6 3. f3 g6 4. e4 d6 5. Bc4 Bg7 6. Bg5 c6 7. Bb3 Qa5 8. Qd2
Nbd7 9. O-O-O fxe4 10. fxe4 Ng4 11. Nf3 c5 12. Nd5 Qxd2+ 13. Rxd2 Ngf6 14. Nc7+
Kf8 15. e5 Ne4 16. exd6 Nxg5 17. Nxg5 exd6 18. Nge6+ Kg8 19. Nxc5+ Kf8 20.
N5e6+ Kg8 21. Nxg7+ Kxg7 22. Nxa8 Nf6 23. Nc7 1-0

[Event "European Senior Team Championship 2014"]
[Site "Sibenik"]
[Date "2014.04.02"]
[Round "2.1"]
[White "Dvoirys, Semen I"]
[Black "Soylu, Suat"]
[Result "1/2-1/2"]
[WhiteElo "2560"]
[BlackElo "2407"]
[PlyCount "38"]
[EventDate "2014.04.01"]

1. e4 e5 2. Nf3 Nc6 3. Bb5 a6 4. Ba4 f5 5. d4 fxe4 6. Nxe5 Nf6 7. Bg5 Qe7 8.
Nxc6 dxc6 9. c3 Bf5 10. Nd2 O-O-O 11. Qe2 Qf7 12. Bc2 Qg6 13. h4 c5 14. dxc5
Bxc5 15. O-O-O Rde8 16. Rde1 Rhf8 17. Nc4 Ng4 18. Ne3 Bxe3+ 19. Bxe3 Ne5
1/2-1/2

[Event "European Senior Team Championship 2014"]
[Site "Sibenik"]
[Date "2014.04.02"]
[Round "2.1"]
[White "Mollaoglu, Ergin"]
[Black "Gleizerov, Evgeny"]
[Result "0-1"]
[WhiteElo "2354"]
[BlackElo "2531"]
[PlyCount "80"]
[EventDate "2014.04.01"]

1. e4 e6 2. d4 d5 3. Nc3 Nf6 4. Bg5 Be7 5. exd5 exd5 6. Qd2 O-O 7. Bd3 Nc6 8.
Nge2 Nb4 9. O-O-O c6 10. Kb1 Re8 11. Ng3 Nxd3 12. Qxd3 h6 13. Bf4 Bf8 14. f3
Be6 15. h4 Nd7 16. Nf5 Bxf5 17. Qxf5 Re6 18. h5 Qe7 19. Qd3 b5 20. Bg3 b4 21.
Bh4 Qe8 22. Na4 Nb6 23. Nxb6 axb6 24. Rhe1 Rxe1 25. Rxe1 Qd7 26. g4 Qa7 27. Qb3
Qa6 28. g5 hxg5 29. Bxg5 c5 30. Qxd5 c4 31. Kc1 Qxa2 32. Kd1 Ra5 33. Qd8 Qb1+
34. Bc1 c3 35. bxc3 bxc3 36. Ke2 Qxc2+ 37. Ke3 Ra1 38. Kf4 Rxc1 39. Re8 Qh2+
40. Kg4 Rg1+ 0-1

[Event "European Senior Team Championship 2014"]
[Site "Sibenik"]
[Date "2014.04.02"]
[Round "2.1"]
[White "Gavrilov, Alexei"]
[Black "Dogantug, Ahmet Ismail"]
[Result "1-0"]
[WhiteElo "2466"]
[BlackElo "2149"]
[PlyCount "107"]
[EventDate "2014.04.01"]

1. d4 d5 2. c4 c6 3. Nc3 Nf6 4. cxd5 cxd5 5. Bf4 Nc6 6. e3 a6 7. Rc1 Bf5 8. Nf3
e6 9. Qb3 Qd7 10. Ne5 Nxe5 11. Bxe5 Rc8 12. Be2 Be7 13. O-O O-O 14. f3 h6 15.
Kf2 b5 16. a4 b4 17. Bxa6 bxc3 18. Bxc8 Rxc8 19. Rxc3 Rxc3 20. bxc3 Bd3 21. Ra1
Qa7 22. Qb8+ Qxb8 23. Bxb8 Nd7 24. Bc7 f5 25. h3 h5 26. Ke1 Kf7 27. Kd2 Ba6 28.
Rb1 Ke8 29. a5 Bd8 30. Bxd8 Kxd8 31. g4 hxg4 32. fxg4 fxg4 33. hxg4 Ke7 34. g5
Kf7 35. Rh1 Kg6 36. Rh8 Kxg5 37. Ra8 Bb5 38. Ke1 Nf6 39. a6 Bxa6 40. Rxa6 Kf5
41. Ra7 g5 42. Rf7 g4 43. Ke2 Kg6 44. Rc7 Ne4 45. c4 Nc3+ 46. Ke1 Kf5 47. c5 e5
48. Re7 exd4 49. c6 Kf6 50. c7 Kxe7 51. c8=Q Ne4 52. exd4 g3 53. Qf5 Kd6 54.
Qe5+ 1-0

[Event "European Senior Team Championship 2014"]
[Site "Sibenik"]
[Date "2014.04.02"]
[Round "2.1"]
[White "Muratoglu, Salih"]
[Black "Zhelnin, Vladimir V"]
[Result "0-1"]
[WhiteElo "2020"]
[BlackElo "2457"]
[PlyCount "140"]
[EventDate "2014.04.01"]

1. d4 Nf6 2. c4 g6 3. g3 Bg7 4. Bg2 O-O 5. Nc3 d6 6. e4 Nbd7 7. Bg5 c6 8. Nf3
e5 9. dxe5 Nxe5 10. Nxe5 dxe5 11. O-O Qe7 12. Qe2 Be6 13. b3 h6 14. Bxf6 Bxf6
15. Rad1 Qb4 16. Rd3 Rfd8 17. Rfd1 Rd4 18. Qf3 Rxd3 19. Rxd3 Kg7 20. Qd1 Qa5
21. Bf1 Rd8 22. Rxd8 Bxd8 23. Qc2 Bb6 24. Kg2 h5 25. h3 Bd4 26. Nd1 Qb4 27. Qe2
a5 28. Ne3 Qc3 29. Nc2 Bc5 30. Ne1 Qa1 31. Nf3 Be7 32. a4 Bf6 33. Qd3 Qb2 34.
Be2 Be7 35. Ne1 h4 36. gxh4 Bxh4 37. Nf3 Be7 38. Nh2 Qc1 39. Qg3 Qc2 40. Qd3
Qc1 41. Ng4 f6 42. Qe3 Qxe3 43. Nxe3 f5 44. f3 Bc5 45. Nf1 Kf6 46. Bd3 Kg5 47.
exf5 gxf5 48. Ng3 Bf8 49. h4+ Kf6 50. Bc2 Bh6 51. Kf2 Kg6 52. Kg2 Bd2 53. Kf2
Bc1 54. Kg2 Be3 55. Nf1 Bf4 56. Ng3 Bxg3 57. Kxg3 c5 58. f4 e4 59. Bd1 Kh6 60.
h5 Bf7 61. Kh4 Be8 62. Be2 e3 63. Bd1 Bc6 64. Kg3 Be4 65. Be2 b6 66. Bd1 Bd3
67. Bf3 Bc2 68. Be2 Bxb3 69. Bd3 Bxa4 70. Bxf5 Bd1 0-1

[Event "European Senior Team Championship 2014"]
[Site "Sibenik"]
[Date "2014.04.02"]
[Round "2.2"]
[White "Westerinen, Heikki M.J"]
[Black "Ftacnik, Lubomir"]
[Result "1/2-1/2"]
[WhiteElo "2293"]
[BlackElo "2563"]
[PlyCount "70"]
[EventDate "2014.04.01"]

1. e4 c5 2. Nf3 d6 3. d4 cxd4 4. Nxd4 Nf6 5. Nc3 e6 6. Be2 a6 7. a4 Nc6 8. O-O
Be7 9. Be3 O-O 10. f4 Qc7 11. Bf3 Na5 12. Qd3 Nc4 13. Bc1 e5 14. Nde2 exf4 15.
Nxf4 Be6 16. Be2 Qc5+ 17. Kh1 Ne5 18. Qg3 Rae8 19. Nd3 Nxd3 20. Bh6 Nh5 21.
Bxh5 Qe5 22. Qxg7+ Qxg7 23. Bxg7 Kxg7 24. cxd3 Bf6 25. Nd5 Bxd5 26. exd5 Re7
27. Rab1 Rc8 28. Bf3 Rc2 29. b3 Bg5 30. Be4 Rec7 31. h3 b6 32. Kh2 Rc1 33.
Rfxc1 Rxc1 34. Rxc1 Bxc1 35. Kg3 a5 1/2-1/2

[Event "European Senior Team Championship 2014"]
[Site "Sibenik"]
[Date "2014.04.02"]
[Round "2.2"]
[White "Stohl, Igor"]
[Black "Kanko, Ilkka"]
[Result "1-0"]
[WhiteElo "2516"]
[BlackElo "2188"]
[PlyCount "81"]
[EventDate "2014.04.01"]

1. d4 Nf6 2. c4 e6 3. Nc3 Bb4 4. Qc2 c5 5. dxc5 Qc7 6. Nf3 a6 7. g3 Bxc5 8. Bg2
O-O 9. Bf4 Bd6 10. Bxd6 Qxd6 11. O-O Qc7 12. Qb3 d6 13. Rfd1 Nc6 14. Qa3 Rd8
15. Rac1 Rb8 16. Nd5 exd5 17. cxd5 Qb6 18. dxc6 bxc6 19. Rxd6 Rxd6 20. Qxd6 Bd7
21. b3 Be8 22. Qd4 Qa5 23. Qd2 Qb6 24. Qd4 Qa5 25. Qe5 Qb6 26. Nd4 Rd8 27. e3
Qb4 28. Qc5 Qd2 29. Qc2 Qa5 30. Bxc6 Rc8 31. Qb2 Qh5 32. Bf3 Rxc1+ 33. Qxc1 Qa5
34. a3 h6 35. Kg2 Bd7 36. b4 Qe5 37. Qc4 g5 38. Qxa6 g4 39. Bc6 Bf5 40. Nxf5
Qxf5 41. Qc4 1-0

[Event "European Senior Team Championship 2014"]
[Site "Sibenik"]
[Date "2014.04.02"]
[Round "2.2"]
[White "Hurme, Harri"]
[Black "Plachetka, Jan"]
[Result "0-1"]
[WhiteElo "2150"]
[BlackElo "2360"]
[PlyCount "38"]
[EventDate "2014.04.01"]

1. d4 Nf6 2. c4 c5 3. d5 b5 4. cxb5 a6 5. bxa6 Bxa6 6. b3 g6 7. Bb2 Bg7 8. e4
Bxf1 9. Kxf1 O-O 10. Qc2 Na6 11. a3 e6 12. Nc3 exd5 13. exd5 Qb6 14. Nf3 Nb4
15. Qd2 Qa6+ 16. Kg1 Nd3 17. Rd1 Nxb2 18. Qxb2 Ne4 19. Rc1 Nxc3 0-1

[Event "European Senior Team Championship 2014"]
[Site "Sibenik"]
[Date "2014.04.02"]
[Round "2.2"]
[White "Petran, Peter"]
[Black "Morant, Paul"]
[Result "1/2-1/2"]
[WhiteElo "2316"]
[BlackElo "2149"]
[PlyCount "80"]
[EventDate "2014.04.01"]

1. g3 Nf6 2. Bg2 e5 3. c4 Nc6 4. Nc3 Be7 5. e3 O-O 6. Nge2 d6 7. d4 exd4 8.
exd4 Bf5 9. O-O Qd7 10. Re1 Nb4 11. Bxb7 Rab8 12. Bg2 Nc2 13. d5 Nxe1 14. Qxe1
Rfe8 15. b3 Ng4 16. Qd2 Bf6 17. Bb2 Ne5 18. Nb5 Bg4 19. Ned4 a6 20. Na3 Ra8 21.
f4 Ng6 22. Nac2 Bf5 23. Ne3 Be4 24. Bf1 h5 25. Qd1 h4 26. Ng4 Be7 27. Bh3 f5
28. Nf2 Bf6 29. Nxe4 Rxe4 30. Nxf5 Qf7 31. Nd4 c5 32. dxc6 Qa7 33. c5 Qxc5 34.
Rc1 Rxd4 35. Bxd4 Qxd4+ 36. Qxd4 Bxd4+ 37. Kf1 Ne7 38. c7 Nc8 39. Bg2 Ra7 40.
Bh3 Ra8 1/2-1/2

[Event "European Senior Team Championship 2014"]
[Site "Sibenik"]
[Date "2014.04.02"]
[Round "2.3"]
[White "Cebalo, Miso"]
[Black "Opl, Klaus"]
[Result "1-0"]
[WhiteElo "2418"]
[BlackElo "2283"]
[PlyCount "51"]
[EventDate "2014.04.01"]

1. d4 Nf6 2. Bg5 e6 3. e4 h6 4. Bxf6 Qxf6 5. c3 d6 6. Bd3 g6 7. Ne2 Nd7 8. O-O
Bg7 9. f4 Qe7 10. Nd2 e5 11. dxe5 dxe5 12. f5 Nf6 13. fxg6 fxg6 14. h3 Be6 15.
Qa4+ c6 16. Nb3 a5 17. c4 O-O 18. Kh2 Nd7 19. Rxf8+ Bxf8 20. Nbc1 Nc5 21. Qc2
Qh4 22. Ng3 Rd8 23. Bf1 Rd4 24. Nb3 Nxe4 25. Nxe4 Rxe4 26. g3 1-0

[Event "European Senior Team Championship 2014"]
[Site "Sibenik"]
[Date "2014.04.02"]
[Round "2.3"]
[White "Titz, Heimo"]
[Black "Rukavina, Josip"]
[Result "0-1"]
[WhiteElo "2151"]
[BlackElo "2405"]
[PlyCount "78"]
[EventDate "2014.04.01"]

1. c4 g6 2. e4 c5 3. Nf3 Nc6 4. d4 cxd4 5. Nxd4 Bg7 6. Be3 Qb6 7. Nb3 Qc7 8.
Nc3 Bxc3+ 9. bxc3 Nf6 10. f3 O-O 11. c5 b6 12. Qd2 bxc5 13. Bxc5 d6 14. Be3 Ne5
15. Rc1 Nc4 16. Bxc4 Qxc4 17. Kf2 Be6 18. Bd4 Nd7 19. Rhd1 a5 20. Rc2 f5 21.
exf5 Bxf5 22. Qe2 Qf7 23. Rcd2 a4 24. Nc1 Ra5 25. Kg1 Rc8 26. Qf2 Ne5 27. Bxe5
Rxe5 28. Nd3 Bxd3 29. Rxd3 Qe6 30. R3d2 Rxc3 31. h4 Rce3 32. Kh2 a3 33. Qg3 Re2
34. Qh3 Qc4 35. Rd4 Qxa2 36. Qc8+ Kg7 37. Rg4 Qc2 38. Qxc2 Rxc2 39. Ra4 a2 0-1

[Event "European Senior Team Championship 2014"]
[Site "Sibenik"]
[Date "2014.04.02"]
[Round "2.3"]
[White "Strobel, Ferdinand"]
[Black "Sale, Srdjan"]
[Result "0-1"]
[WhiteElo "2100"]
[BlackElo "2402"]
[PlyCount "56"]
[EventDate "2014.04.01"]

1. f4 b6 2. Nf3 Bb7 3. e3 g6 4. d4 Bg7 5. c4 Nf6 6. Nc3 e6 7. Bd3 d5 8. O-O O-O
9. b3 Nbd7 10. Ba3 c5 11. Rc1 dxc4 12. Bxc4 Qb8 13. dxc5 Nxc5 14. Bxc5 bxc5 15.
Na4 Bc6 16. Ne5 Bxa4 17. bxa4 Qc7 18. Qf3 Rad8 19. Rfd1 Rxd1+ 20. Rxd1 Rc8 21.
h3 Bf8 22. Ba6 Rb8 23. Bb5 c4 24. Rc1 c3 25. Nc6 Rb6 26. Nd4 Ba3 27. Rc2 Nd5
28. Ne2 Bc5 0-1

[Event "European Senior Team Championship 2014"]
[Site "Sibenik"]
[Date "2014.04.02"]
[Round "2.4"]
[White "Rooze, Jan"]
[Black "Kurajica, Bojan"]
[Result "1-0"]
[WhiteElo "2348"]
[BlackElo "2506"]
[PlyCount "41"]
[EventDate "2014.04.01"]

1. e4 c5 2. Nf3 Nc6 3. Bb5 e6 4. Bxc6 bxc6 5. d3 f6 6. O-O g6 7. Na3 e5 8. Ne1
d5 9. f4 dxe4 10. fxe5 f5 11. Be3 Be6 12. Qe2 Qd5 13. dxe4 Qxe4 14. Qf2 Nh6 15.
h3 Nf7 16. Nd3 Nxe5 17. Nxc5 Bxc5 18. Bxc5 Nd7 19. Rfe1 Qd5 20. Rad1 Qxa2 21.
b3 1-0

[Event "European Senior Team Championship 2014"]
[Site "Sibenik"]
[Date "2014.04.02"]
[Round "2.4"]
[White "Dizdarevic, Emir"]
[Black "Geenen, Marc"]
[Result "1/2-1/2"]
[WhiteElo "2503"]
[BlackElo "2240"]
[PlyCount "73"]
[EventDate "2014.04.01"]

1. Nf3 Nf6 2. g3 g6 3. b3 Bg7 4. Bb2 O-O 5. Bg2 d6 6. d4 c5 7. c4 Ne4 8. O-O
Nc6 9. e3 e5 10. d5 Ne7 11. Ne1 Nf6 12. e4 Nd7 13. Nd3 f5 14. Nd2 Nf6 15. Qc2
fxe4 16. Nxe4 Nxe4 17. Bxe4 Bh3 18. Rfe1 Nf5 19. f3 Nd4 20. Bxd4 exd4 21. Re2
Bh6 22. Nf2 Bd7 23. f4 Qf6 24. Rae1 Rfe8 25. a4 Bf8 26. Bd3 Rxe2 27. Rxe2 Re8
28. Rxe8 Bxe8 29. Kg2 Bd7 30. h4 Kg7 31. Qe2 Qe7 32. Qf3 Qe3 33. Qxe3 dxe3 34.
Nd1 Bf5 35. Nb2 Bg4 36. Kf1 Kf7 37. Be2 1/2-1/2

[Event "European Senior Team Championship 2014"]
[Site "Sibenik"]
[Date "2014.04.02"]
[Round "2.4"]
[White "Bolzoni, Victor-Angel"]
[Black "Vukic, Milan"]
[Result "0-1"]
[WhiteElo "2207"]
[BlackElo "2386"]
[PlyCount "102"]
[EventDate "2014.04.01"]

1. e4 c5 2. Nf3 e6 3. d4 cxd4 4. Nxd4 Nf6 5. Nc3 Nc6 6. a3 d5 7. Bb5 Bd7 8.
exd5 exd5 9. O-O Be7 10. Re1 O-O 11. Be3 a6 12. Bf1 Rc8 13. Nxc6 Bxc6 14. Bd4
Ne4 15. Nxe4 dxe4 16. c4 Bf6 17. Bxf6 Qxf6 18. Qe2 Rcd8 19. Rad1 Ba4 20. Rd5
Rfe8 21. b4 Rxd5 22. cxd5 Bb3 23. Qd2 Qd6 24. b5 g6 25. bxa6 bxa6 26. Qa5 Qxd5
27. Qxa6 Ra8 28. Qb5 Qxb5 29. Bxb5 Rxa3 30. Bc6 f5 31. f3 exf3 32. Bxf3 Kf7 33.
Re3 Ra1+ 34. Kf2 Be6 35. h4 h6 36. Rd3 Ra2+ 37. Kg3 g5 38. hxg5 hxg5 39. Bd5
f4+ 40. Kf3 Bxd5+ 41. Rxd5 Ra3+ 42. Kf2 Kg6 43. Kg1 Kh5 44. Kh2 Kg4 45. Rb5 Kh4
46. Rb4 Ra2 47. Rb3 g4 48. Rb1 f3 49. Rg1 g3+ 50. Kh1 Rf2 51. Rc1 fxg2+ 0-1

[Event "European Senior Team Championship 2014"]
[Site "Sibenik"]
[Date "2014.04.02"]
[Round "2.4"]
[White "Osmanovic, Kemal"]
[Black "Schrickx, Frank"]
[Result "1-0"]
[WhiteElo "2292"]
[BlackElo "1889"]
[PlyCount "53"]
[EventDate "2014.04.01"]

1. d4 Nf6 2. Nf3 e6 3. Bg5 c5 4. e3 h6 5. Bh4 cxd4 6. exd4 d5 7. Nbd2 Nc6 8. c3
Be7 9. Bd3 O-O 10. Qe2 a6 11. a4 Re8 12. O-O Nd7 13. Bg3 Bf6 14. Ne5 Bxe5 15.
dxe5 Nf8 16. Nf3 Qc7 17. Qe3 b6 18. Rfe1 Bb7 19. Bf4 Ne7 20. Bxh6 gxh6 21. Qxh6
Nf5 22. Qg5+ Ng7 23. g4 d4 24. Nxd4 Qe7 25. Qh6 Ng6 26. g5 Nf4 27. Qh7+ 1-0

[Event "European Senior Team Championship 2014"]
[Site "Sibenik"]
[Date "2014.04.02"]
[Round "2.6"]
[White "Jamieson, Peter M"]
[Black "Vasiukov, Evgeni"]
[Result "0-1"]
[WhiteElo "2251"]
[BlackElo "2451"]
[PlyCount "64"]
[EventDate "2014.04.01"]

1. d4 Nf6 2. Bg5 c5 3. d5 Qb6 4. Nc3 Qxb2 5. Bd2 Qb6 6. e4 d6 7. f4 e5 8. dxe6
fxe6 9. e5 dxe5 10. fxe5 Nfd7 11. Nf3 Nc6 12. Rb1 Qd8 13. Bb5 Be7 14. Bxc6 bxc6
15. Qe2 O-O 16. O-O Rb8 17. Ne4 Rxb1 18. Rxb1 Nb6 19. Bg5 Bxg5 20. Nexg5 h6 21.
Ne4 Qd5 22. Rd1 Ba6 23. Qe1 Qc4 24. c3 Bb5 25. Nh4 Kh7 26. Nd6 Qf4 27. Nf3 Nd5
28. Ne4 Ne3 29. Nxc5 Nxg2 30. Kxg2 Qxf3+ 31. Kg1 Qg4+ 32. Kh1 Be2 0-1